000 00542cam a2200181 4500500
005 20260405000358.0
041 _afre
042 _adc
100 1 0 _aTavoillot, Pierre-Henri
_eauthor
245 0 0 _aL’an 501 : La conquête continue
260 _c2007.
500 _a86
690 _aChomsky
690 _aJustice
690 _aPouvoir
786 0 _nPhilosophie magazine | 8 | 4 | 2007-04-01 | p. 33-36 | 1951-1787
856 4 1 _uhttps://shs.cairn.info/magazine-philosophie-magazine-2007-4-page-33?lang=fr&redirect-ssocas=7080
999 _c2036559
_d2036559